Manwha en image - Statistiques

Statistiques générales
  • Ce quiz a été pris 65 fois
  • Le résultat moyen est 3 sur 5
Statistiques - réponses
Question Réponse % Correct
Omniscient Reader Viewpoint
89%
Who Made Me a Princess
65%
Your throne
49%
Miss Not so a Sidekick
40%
Mission : Save the Hunter
33%
Aucun quiz correspondant
Distribution des résultats
% des personnes avec chaque résultat
Percentile par nombre de réponses
Votre historique - résultats
Vous n’avez pas pris ce quiz